| 000 | 00842nam a2200253Ia 4500 | ||
|---|---|---|---|
| 005 | 20220615153552.0 | ||
| 008 | 210716s2009 xx 000 0 und d | ||
| 020 | _a9788173198540 | ||
| 040 | _cAIMIT LIBRARY | ||
| 041 | _aeng | ||
| 082 |
_a511.42 _21 _bCHAS |
||
| 100 |
_aChandra, Suresh. _942872 |
||
| 245 |
_aNumerical optimization with applications / _cBy Suresh Chandra, Jayadeva and Aparna Mehra. |
||
| 250 | _a1st ed. | ||
| 260 |
_aNew Delhi : _bNarosa Publishing House , _c2009. |
||
| 300 |
_axiii,694p. ; _c24 cm. |
||
| 650 |
_aLinear programming _942873 |
||
| 650 |
_aMathematics of the simplex method _942874 |
||
| 650 |
_aInteger linear programming _942875 |
||
| 650 |
_aAlgorithms in nonlinear programming _942876 |
||
| 700 |
_aJayadeva _942877 |
||
| 700 |
_aMehra, Aparna. _942878 |
||
| 942 |
_2ddc _cBK _e1st _k511.42 CHAS |
||
| 999 |
_c189998 _d189998 |
||